<?xml version="1.0" encoding="UTF-8"?><?xml-stylesheet type="text/xsl" href="static/style.xsl"?><OAI-PMH xmlns="http://www.openarchives.org/OAI/2.0/" xmlns:xsi="http://www.w3.org/2001/XMLSchema-instance" xsi:schemaLocation="http://www.openarchives.org/OAI/2.0/ http://www.openarchives.org/OAI/2.0/OAI-PMH.xsd"><responseDate>2026-04-13T02:07:12Z</responseDate><request verb="GetRecord" identifier="oai:www.recercat.cat:2117/15107" metadataPrefix="marc">https://recercat.cat/oai/request</request><GetRecord><record><header><identifier>oai:recercat.cat:2117/15107</identifier><datestamp>2025-07-17T07:47:35Z</datestamp><setSpec>com_2072_1033</setSpec><setSpec>col_2072_452950</setSpec></header><metadata><record xmlns="http://www.loc.gov/MARC21/slim" xmlns:dcterms="http://purl.org/dc/terms/" xmlns:xsi="http://www.w3.org/2001/XMLSchema-instance" xmlns:doc="http://www.lyncode.com/xoai" xsi:schemaLocation="http://www.loc.gov/MARC21/slim http://www.loc.gov/standards/marcxml/schema/MARC21slim.xsd">
   <leader>00925njm 22002777a 4500</leader>
   <datafield ind2=" " ind1=" " tag="042">
      <subfield code="a">dc</subfield>
   </datafield>
   <datafield ind2=" " ind1=" " tag="720">
      <subfield code="a">Estrada Romeu, Miguel Ángel</subfield>
      <subfield code="e">author</subfield>
   </datafield>
   <datafield ind2=" " ind1=" " tag="720">
      <subfield code="a">Ortigosa, Javier</subfield>
      <subfield code="e">author</subfield>
   </datafield>
   <datafield ind2=" " ind1=" " tag="720">
      <subfield code="a">Robusté Antón, Francesc</subfield>
      <subfield code="e">author</subfield>
   </datafield>
   <datafield ind2=" " ind1=" " tag="260">
      <subfield code="c">2011</subfield>
   </datafield>
   <datafield ind2=" " ind1=" " tag="520">
      <subfield code="a">Bus stops represent a key bottleneck that produces significant delays in travel times. In major cities, the width of streets is constrained by sidewalks and buildings. In this context, adding on-street loading areas in series is a valid method to increase bus stop capacity. A tandem bus stop is a linear bus stop with two loading areas on a dedicated bus lane where buses serve depending on the sequence in which they arrive at the stop since overtaking is not allowed. The objective of this paper is to provide an analytical methodology to help city planners to choose between conventional and tandem bus stops. This study focuses on the capacity gain of a tandem bus stop in the case where there are buses waiting in line. Current studies are based on simulation results only for particular cases. The model is applied to Barcelona, Spain, where the dwell time is described by a log-normal distribution according to the available empirical data. The results obtained in this paper indicate that a capacity gain of 30 to 70% can be achieved, which allows for substantial commercial speed increasing. If buses spend more time at the service position and the variability is low, the gain is greater. Our results suggest including in the Transit Capacity and Quality of Service Manual a more detailed description of the behavior of urban tandem bus stops, where the “effective number of berths” concept should be considered a variable (instead of constant) that depends on the dwell time characteristics.</subfield>
   </datafield>
   <datafield ind2=" " ind1=" " tag="520">
      <subfield code="a">Postprint (published version)</subfield>
   </datafield>
   <datafield tag="653" ind2=" " ind1=" ">
      <subfield code="a">Àrees temàtiques de la UPC::Enginyeria civil::Infraestructures i modelització dels transports::Transport urbà</subfield>
   </datafield>
   <datafield tag="653" ind2=" " ind1=" ">
      <subfield code="a">Bus stops</subfield>
   </datafield>
   <datafield tag="653" ind2=" " ind1=" ">
      <subfield code="a">Autobusos -- Parades -- Catalunya -- Barcelona (Area metropolitana)</subfield>
   </datafield>
   <datafield ind2="0" ind1="0" tag="245">
      <subfield code="a">Tandem bus stop capacity</subfield>
   </datafield>
</record></metadata></record></GetRecord></OAI-PMH>